000 00535nam a22001817a 4500
005 20251108164947.0
008 250721s1985 xx 000 0 ara d
082 1 4 _a810.909564/يوس
100 1 _aاليوسف، يوسف سامي
245 1 0 _aغسان كنفاني :
_bرعشة المأساة : دراسة /
264 1 _aعمان :
_bدار منارات،
_c1985.
300 _a76ص
650 1 7 _aالأدب العربي
650 1 7 _aالنقد الأدبي
650 1 7 _aفلسطين
942 _2ddc
_cBK
999 _c18488
_d18488